Water harvesting for agriculture in the dry areas (Record no. 10962)

MARC details
000 -LEADER
fixed length control field 01903cam a2200373Ia 4500
001 - CONTROL NUMBER
control field CRC0KE20092PDF
003 - CONTROL NUMBER IDENTIFIER
control field BD-DhSAU
005 - DATE AND TIME OF LATEST TRANSACTION
control field 20151012144258.0
006 - FIXED-LENGTH DATA ELEMENTS--ADDITIONAL MATERIAL CHARACTERISTICS
fixed length control field m|||||o||d||||||||
007 - PHYSICAL DESCRIPTION FIXED FIELD--GENERAL INFORMATION
fixed length control field cr||||
008 - FIXED-LENGTH DATA ELEMENTS--GENERAL INFORMATION
fixed length control field 120720s2012 ne abcd sb 001 0 eng d
020 ## - INTERNATIONAL STANDARD BOOK NUMBER
International Standard Book Number 9780203106259 (ebook : PDF)
040 ## - CATALOGING SOURCE
Original cataloging agency BD-DhSAU
Transcribing agency BD-DhSAU
090 ## - LOCALLY ASSIGNED LC-TYPE CALL NUMBER (OCLC); LOCAL CALL NUMBER (OCLC)
Classification number (OCLC) (R) ; Classification number, CALL (RLIN) (NR) S619.W38
Local cutter number (OCLC) ; Book number/undivided call number, CALL (RLIN) O94 2012
092 ## - LOCALLY ASSIGNED DEWEY CALL NUMBER (OCLC)
Classification number 628.1
Item number O971
100 1# - MAIN ENTRY--PERSONAL NAME
Personal name Oweis, Theib Yousef.
245 10 - TITLE STATEMENT
Title Water harvesting for agriculture in the dry areas
Medium [electronic resource] /
Statement of responsibility, etc. Theib Y. Oweis, Dieter Prinz, Ahmed Y. Hachum.
260 ## - PUBLICATION, DISTRIBUTION, ETC. (IMPRINT)
Place of publication, distribution, etc. Leiden, The Netherlands ;
-- Boca Raton, Fla. :
Name of publisher, distributor, etc. CRC Press,
Date of publication, distribution, etc. c2012.
300 ## - PHYSICAL DESCRIPTION
Extent xviii, 262 p. :
Other physical details ill. (some col.), maps (some col.), ports.
500 ## - GENERAL NOTE
General note "A Balkema book."
504 ## - BIBLIOGRAPHY, ETC. NOTE
Bibliography, etc Includes bibliographical references (p. [217]-226) and index.
505 0# - FORMATTED CONTENTS NOTE
Formatted contents note 1. Principles and practices of water harvesting -- 2. Hydrological aspects of water harvesting -- 3. Methods and techniques in water harvesting -- 4. Runoff inducement methods -- 5. Identification of areas suitable for water harvesting -- 6. Planning and design of water harvesting systems -- 7. Storage of harvested water -- 8. Implementation, operation, and maintenance of water harvesting systems -- 9. Socioeconomic issues -- 10. Water quality and environmental considerations.
530 ## - ADDITIONAL PHYSICAL FORM AVAILABLE NOTE
Additional physical form available note Also available in print edition.
538 ## - SYSTEM DETAILS NOTE
System details note Mode of access: World Wide Web.
650 #0 - SUBJECT ADDED ENTRY--TOPICAL TERM
Topical term or geographic name as entry element Water harvesting.
650 #0 - SUBJECT ADDED ENTRY--TOPICAL TERM
Topical term or geographic name as entry element Rainwater.
650 #0 - SUBJECT ADDED ENTRY--TOPICAL TERM
Topical term or geographic name as entry element Arid regions agriculture.
650 #0 - SUBJECT ADDED ENTRY--TOPICAL TERM
Topical term or geographic name as entry element Water-supply, Agricultural.
655 #7 - INDEX TERM--GENRE/FORM
Genre/form data or focus term Electronic books.
Source of term lcsh
700 1# - ADDED ENTRY--PERSONAL NAME
Personal name Prinz, Dieter.
700 1# - ADDED ENTRY--PERSONAL NAME
Personal name Hachum, Ahmed Yousif,
Dates associated with a name 1945-
776 1# - ADDITIONAL PHYSICAL FORM ENTRY
International Standard Book Number 9780415621144 (hardback : alk. paper)
856 40 - ELECTRONIC LOCATION AND ACCESS
Uniform Resource Identifier <a href="http://marc.crcnetbase.com/isbn/9780203106259">http://marc.crcnetbase.com/isbn/9780203106259</a>
Electronic format type application/PDF

No items available.